00947cam a22002775i 4500999001500000001000600015003000900021005001700030008004100047020001800088040003800106082002400144100001700168245011400185250001200299264006200311300003000373336002100403337002500424338002300449500002000472650000800492650003500500942001200535952012200547 c1184d118414332BD-DhUAP20200203153808.0200203s20081905flu 001 0 eng  a9788175341166 aBD-DhUAPbEngcBD-DhUAPeBD-DhUAP 223a349.4209034 DIC1 aDicey, A. V.10aLectures on the relation between law & public opinion in England during the nineteenth century /cA.V. Dicey. a2nd ed. aNew Delhi :bUniversal law pub.,cc1905 [Reprinted 2013]. axciv, 506 pages ;c22 cm. atext2rdacontent aunmediated2rdamedia avolume2rdacarrier aIncludes index. aLaw aPublic opinionzGreat Britain. 2ddccBK 00102ddc4070aUAPCLbUAPCLcGeneral Stacksd2020-02-03o349.4209034 DICp3010014332r2020-02-03t1w2020-02-03yBK